[Event "45th Olympiad 2024"]
[Site "Budapest HUN"]
[Date "2024.09.12"]
[Round "2.21"]
[Board "4"]
[White "Murshed, Niaz"]
[Black "Banh Gia Huy"]
[Result "1/2-1/2"]
[WhiteElo "2318"]
[BlackElo "2425"]
[PlyCount "59"]
[EventDate "2024.09.11"]
[WhiteTeam "Bangladesh"]
[BlackTeam "Vietnam"]
[WhiteTeamCountry "BAN"]
[BlackTeamCountry "VIE"]

1. Nf3 Nf6 2. c4 g6 3. g3 Bg7 4. Bg2 O-O 5. O-O d6 6. Nc3 c5 7. d4 Nc6 8. dxc5 dxc5 9. Be3 Be6 10. Ng5 Qxd1 ({RR} 10... Bxc4 11. Qa4 Na5 12. Bxc5 Qc7 13. Bb4 Nc6 14. Bxc6 Qxc6 15. Qxc6 bxc6 16. Bxe7 Rfe8 17. Bc5 Nd5 {½-½ Jaroszuk,M (1764)-Sternik,P (1873) 290th YMCA Summer A 2024 (1)}) 11. Rfxd1 Bxc4 12. Bxc5 Rfd8 ({RR} 12... h6 13. Nh3 g5 14. f4 gxf4 15. Nxf4 Rfe8 16. b3 e5 17. bxc4 exf4 18. Rab1 Rac8 19. Bh3 Rcd8 20. Rxd8 Nxd8 21. gxf4 b6 22. Bd4 Ne4 23. Bxg7 Kxg7 24. Nb5 Ne6 25. e3 Kf6 26. Nxa7 Nd2 27. Rxb6 {½-½ Ju,W (2560)-Vitiugov,N (2727) Danzhou 12th rapid 2021 (2)}) 13. Kf1 $146 ({RR} 13. e3 e6 14. Rac1 {½-½ Bonomi,M (2234)-Berni,F (2090) Bratto op 20th 2000 (6)}) ({RR} 13. b3 Nd7 14. bxc4 Bxc3 15. Rac1 Nxc5 16. Rxd8+ Rxd8 17. Rxc3 Rd1+ 18. Bf1 Nd4 19. Re3 f6 20. Nf3 Nxf3+ 21. exf3 e5 22. Kg2 Kf7 23. h4 Rd2 24. a3 a5 25. Be2 a4 26. h5 g5 27. Kf1 Ra2 {0-1 Ravi,T (2469)-Aryan,C (2585) IND-ch 58th Kanpur 2022 (6)}) 13... h6 14. Nge4 Nxe4 15. Bxe4 Bxc3 16. bxc3 Rxd1+ 17. Rxd1 Bxa2 18. Bxc6 bxc6 19. Ra1 Bc4 20. Rxa7 Rxa7 21. Bxa7 f5 22. f4 Kf7 23. Kf2 Ke6 24. Bc5 Bb5 25. h4 h5 26. e3 Bd3 27. Bd4 Kd5 28. Be5 Ke4 29. Bd4 Bc4 30. Be5 1/2-1/2

[Event "45th Olympiad 2024"]
[Site "Budapest HUN"]
[Date "2024.09.12"]
[Round "2.22"]
[Board "2"]
[White "Gurel, Ediz"]
[Black "Nielsen, Hogni Egilstoft"]
[Result "1-0"]
[WhiteElo "2602"]
[BlackElo "2379"]
[PlyCount "67"]
[EventDate "2024.09.11"]
[WhiteTeam "Turkiye"]
[BlackTeam "Faroe Islands"]
[BlackTeamCountry "FAI"]

1. e4 e5 2. Nf3 Nc6 3. Bc4 Nf6 4. Ng5 d5 5. exd5 Na5 6. Bb5+ c6 7. dxc6 bxc6 8. Bd3 Nd5 9. Nf3 Nf4 10. Bf1 ({RR} 10. O-O Nxd3 11. cxd3 Bd6 12. Re1 O-O 13. Nc3 c5 14. b3 Nc6 15. Ne4 Bg4 16. h3 Bh5 17. Ba3 Be7 18. Ng3 Bg6 19. Rc1 Qa5 20. Bb2 Qxa2 21. Nxe5 Qxb2 22. Nxc6 Bh4 23. Rxc5 Bxd3 24. Re3 Bg6 {1-0 Aronian,L (2785)-Nakamura,H (2750) Chess.com Rapid Wk4 KO 2022 (2.2)}) 10... Bd6 11. d4 ({RR} 11. d3 Nd5 12. Be2 O-O 13. O-O f5 14. Nc3 Nxc3 15. bxc3 c5 16. Nd2 g5 17. Bf3 Rb8 18. Bd5+ Kh8 19. c4 g4 20. f3 Qf6 21. fxg4 e4 22. Nxe4 Qd4+ 23. Kh1 fxe4 24. Rxf8+ Bxf8 25. Bd2 Bg7 {1-0 Levitskiy,A (2290)-Iunusov,N (1932) Titled Tue 14th May Early 2024 (3)}) 11... e4 12. Ne5 Ng6 $146 ({RR} 12... Bxe5 13. dxe5 Qxd1+ 14. Kxd1 Ng6 15. Bd2 Nb7 16. Bc3 Bf5 17. Nd2 Rd8 18. Kc1 O-O 19. Rg1 h5 20. f3 exf3 21. gxf3 Nf4 22. Rg5 g6 23. b3 Nc5 24. Kb2 Nd5 25. Bc4 Rfe8 26. Rag1 Kh7 27. Nf1 {½-½ Hrabusa,M (2363)-Frank,A (2366) CZE-chT 2122 2021 (1.1)}) 13. Nc3 Qe7 14. Nxe4 Bxe5 15. dxe5 Qxe5 16. Qe2 O-O 17. Nc3 Qc7 18. Be3 Be6 19. Qh5 Rad8 20. b3 f5 21. Bd3 Qe5 22. Kd2 Nf4 23. Qf3 Nxd3 24. cxd3 f4 25. Bxa7 Bf5 26. Rhe1 Qf6 27. d4 Rd7 28. Bb6 Nb7 29. Ke2 c5 30. Na4 Rxd4 31. Kf1 Rxa4 32. bxa4 Qxb6 33. Qd5+ Kh8 34. Qxf5 1-0

[Event "45th Olympiad 2024"]
[Site "Budapest HUN"]
[Date "2024.09.12"]
[Round "2.22"]
[Board "3"]
[White "Egilstoft, Rogvi"]
[Black "Erdogmus, Yagiz Kaan"]
[Result "0-1"]
[WhiteElo "2278"]
[BlackElo "2592"]
[PlyCount "94"]
[EventDate "2024.09.11"]
[WhiteTeam "Faroe Islands"]
[BlackTeam "Turkiye"]
[WhiteTeamCountry "FAI"]

1. e4 e5 2. Nf3 Nc6 3. Bc4 Bc5 4. c3 Nf6 5. d3 d6 6. h3 O-O 7. O-O a5 8. d4 ({RR} 8. Re1 h6 9. Nbd2 Be6 10. Bb5 Qb8 11. Nh4 a4 12. Nf5 Re8 13. Nc4 Bxf5 14. exf5 Qa7 15. Qf3 e4 16. dxe4 Ne5 17. Nxe5 Rxe5 18. Bd3 d5 19. Bf4 dxe4 20. Bxe4 Rxe4 21. Rxe4 Nxe4 22. Qxe4 Bxf2+ {½-½ Nepomniachtchi,I (2774)-Ding,L (2805) Sinquefield Cup 7th 2019 (6)}) 8... Ba7 9. Re1 h6 10. Be3 $146 ({RR} 10. Bb3 Re8 11. Bc2 exd4 12. cxd4 Nb4 13. Ba4 Rxe4 14. Rxe4 Nxe4 15. Nc3 Bf5 16. Be3 Qf6 17. a3 Nxc3 18. bxc3 Nd5 19. Bd2 Be4 20. Nh2 Nf4 21. Ng4 Qf5 22. Bxf4 Qxf4 23. Bc2 Re8 24. Bxe4 Qxe4 {1-0 Chiu,I (2226)-Slade,T (2086) Titled Tue 10th Sep Late 2024 (4)}) ({RR} 10. Bb3 Re8 11. Bc2 exd4 12. cxd4 Nb4 13. Nc3 Nxc2 14. Qxc2 c6 15. Bf4 Be6 16. Bg3 Nh5 17. Bh4 Nf6 18. Bg3 Nh5 19. Ne2 Nxg3 20. Nxg3 Qb6 21. Re3 Rac8 22. Nh5 d5 23. e5 c5 24. Rb3 Qa6 {½-½ Kulaots,K (2525)-Loiacono,L (2297) Vergani Cup Masters 2023 (2.5)}) 10... Re8 11. dxe5 Nxe5 12. Nxe5 dxe5 13. Bxa7 Rxa7 14. Qxd8 Rxd8 15. Na3 c6 16. Rad1 Re8 17. Nc2 b5 18. Bf1 Be6 19. Rd6 Rc8 20. a3 Kf8 21. f3 Ke7 22. Rd2 Rd7 23. Rxd7+ Nxd7 24. Ne3 Ra8 25. Rc1 Bb3 26. Bd3 g6 27. Kf2 h5 28. Nf1 Nc5 29. Be2 Rd8 30. c4 bxc4 31. Bxc4 Bxc4 32. Rxc4 Nd3+ 33. Ke2 Nf4+ 34. Kf2 Rb8 35. b4 axb4 36. axb4 Rxb4 37. Rxb4 Nd3+ 38. Ke3 Nxb4 39. f4 Kf6 40. g3 Ke6 41. Nd2 c5 42. Nf3 f6 43. Nh4 Kf7 44. Kd2 exf4 45. gxf4 g5 46. fxg5 fxg5 47. Nf3 Kf6 0-1

[Event "45th Olympiad 2024"]
[Site "Budapest HUN"]
[Date "2024.09.12"]
[Round "2.24"]
[Board "1"]
[White "Ashiku, Franc"]
[Black "Cheparinov, Ivan"]
[Result "0-1"]
[WhiteElo "2400"]
[BlackElo "2628"]
[PlyCount "58"]
[EventDate "2024.09.11"]
[WhiteTeam "Albania"]
[BlackTeam "Bulgaria"]
[WhiteTeamCountry "ALB"]
[BlackTeamCountry "BUL"]

1. d4 Nf6 2. Nf3 e6 3. Bf4 d5 4. e3 c5 5. c3 Nc6 6. Nbd2 Be7 7. h3 Bd6 8. dxc5 Bxc5 9. Bd3 Bd6 ({RR} 9... O-O 10. O-O Bd6 11. Bxd6 Qxd6 12. e4 Rd8 13. Bc2 dxe4 14. Nxe4 Qe7 15. Qe2 Bd7 16. Rad1 Be8 17. Nxf6+ Qxf6 18. h4 g6 19. Qe3 h5 20. Ng5 b6 21. Qg3 Rxd1 22. Rxd1 Rd8 23. Re1 Kg7 24. Re3 {1-0 So,W (2778)-Caruana,F (2816) Paris GCT rapid 2018 (1)}) 10. Bxd6 Qxd6 11. Qc2 ({RR} 11. O-O O-O 12. e4 Rd8 13. Bc2 dxe4 14. Nxe4 Nxe4 15. Bxe4 Qxd1 16. Rfxd1 Bd7 17. Nd4 Kf8 18. Nxc6 Bxc6 19. Bxc6 bxc6 20. Kf1 Ke7 21. Ke2 Rd5 22. Rxd5 exd5 23. Kd3 Kd6 24. c4 Re8 25. Rc1 Re5 {½-½ Xiao,Y (2338)-Ju,W (2558) TCh-CHN DivA Standard 2024 (1.4)}) 11... O-O 12. e4 $146 ({RR} 12. O-O Bd7 13. Rad1 h6 14. e4 dxe4 15. Nxe4 Nxe4 16. Bxe4 Qc7 17. Rd2 Rfd8 18. Rfd1 Be8 19. Rxd8 Rxd8 20. Rxd8 {½-½ Wernberg,H (2268)-Seo,J (2455) Hasselbacken op 2021 (8)}) 12... h6 13. O-O-O b6 14. Rhe1 Qc7 15. Kb1 Bb7 16. g3 Rfd8 17. exd5 Nxd5 18. Nb3 Nf6 19. Qe2 a6 20. Bc2 Rac8 21. Rxd8+ Rxd8 22. Nfd4 b5 23. f4 Nxd4 24. cxd4 Bd5 25. Nc5 Qa5 26. Bb3 Qb4 27. Bxd5 Nxd5 28. Nxa6 Qxd4 29. f5 Qb6 0-1

[Event "45th Olympiad 2024"]
[Site "Budapest HUN"]
[Date "2024.09.12"]
[Round "2.25"]
[Board "2"]
[White "Olson, Hamish"]
[Black "Banusz, Tamas"]
[Result "0-1"]
[WhiteElo "2384"]
[BlackElo "2605"]
[PlyCount "72"]
[EventDate "2024.09.11"]
[WhiteTeam "Scotland"]
[BlackTeam "Hungary B"]
[WhiteTeamCountry "SCO"]

1. Nf3 Nf6 2. g3 d5 3. Bg2 c6 4. O-O Bg4 5. d4 e6 6. Nbd2 Be7 7. Re1 O-O 8. e4 Bh5 ({RR} 8... a5 9. c3 a4 10. a3 Bh5 11. e5 Nfd7 12. h3 b5 13. Nf1 c5 14. dxc5 Nxc5 15. g4 Bg6 16. Nd4 Qb6 17. Be3 Nc6 18. f4 Be4 19. Bxe4 dxe4 20. Qc2 Na5 21. Re2 Nc4 22. Bf2 Nd3 23. Rxe4 {½-½ Mamedyarov,S (2726)-Morozevich,A (2770) Wch Blitz 6th 2012 (17)}) 9. c3 h6 10. h4 $146 ({RR} 10. h3 Nbd7 11. e5 Nh7 12. Nb3 a5 13. Be3 Ng5 14. g4 Nxf3+ 15. Qxf3 Bg6 16. Qe2 a4 17. Nd2 Qb6 18. Nf1 Qa6 19. f4 Qxe2 20. Rxe2 b5 21. a3 Nb6 22. Rd1 Nc4 23. Bc1 Rfd8 24. Ng3 Bh4 {½-½ Kunin,V (2502)-Halkias,S (2565) Politiken Cup 35th 2013 (8)}) ({RR} 10. Qb3 Qc7 11. Ne5 Nbd7 12. Nxd7 Qxd7 13. exd5 exd5 14. Nf3 Bxf3 15. Bxf3 Bd6 16. Qc2 Rfe8 17. Bd2 Bc7 18. Kg2 h5 19. h4 g6 20. Bg5 Nh7 21. Bd2 Nf6 22. Bg5 Nh7 23. Bd2 Nf6 {½-½ Valdes,L (2369)-Wang,J (2504) 17th American Continental 2024 (4.8)}) ({RR} 10. Qb3 Qc7 11. Ne5 Nbd7 12. f4 Rfd8 13. Nxd7 Qxd7 14. e5 Ne8 15. Nf1 Nc7 16. Be3 a5 17. Qc2 a4 18. Bh3 Bg6 19. Qf2 a3 20. b3 h5 21. Rac1 b6 22. Red1 Rac8 23. Bg2 Na6 24. Qe2 Qb7 {0-1 Gabuzyan,H (2607)-Ter Sahakyan,S (2605) Lake Sevan Martuni 2016 (4)}) 10... Nbd7 11. e5 Ne8 12. Bh3 Nc7 13. Nf1 f5 14. N1h2 c5 15. Bf1 cxd4 16. cxd4 Rc8 17. Be2 Na6 18. a3 Qb6 19. Be3 Rfe8 20. Qd2 Bf8 21. Rec1 Nab8 22. g4 fxg4 23. Ne1 Nc6 24. b4 a5 25. b5 Ne7 26. Ng2 Nf5 27. Rxc8 Rxc8 28. Nxg4 Bg6 29. Nf4 Bh7 30. h5 Be7 31. Kh2 Bg5 32. Ng6 Bxe3 33. fxe3 Bxg6 34. hxg6 Qd8 35. Kg2 h5 36. e4 dxe4 0-1

[Event "45th Olympiad 2024"]
[Site "Budapest HUN"]
[Date "2024.09.12"]
[Round "2.25"]
[Board "4"]
[White "Abdulla, Murad"]
[Black "Papp, Gabor1"]
[Result "1/2-1/2"]
[WhiteElo "2312"]
[BlackElo "2550"]
[PlyCount "64"]
[EventDate "2024.09.11"]
[WhiteTeam "Scotland"]
[BlackTeam "Hungary B"]
[WhiteTeamCountry "SCO"]

1. e4 c5 2. c3 d5 3. exd5 Qxd5 4. d4 Nf6 5. Nf3 e6 6. Na3 Nc6 7. Nb5 Qd8 8. dxc5 ({RR} 8. Bf4 Nd5 9. Bg5 Be7 10. c4 Nf6 11. dxc5 Bxc5 12. Qxd8+ Kxd8 13. O-O-O+ Ke7 14. Bh4 a6 15. Nc3 b6 16. Bd3 Bb7 17. Rhe1 Rhd8 18. a3 Kf8 19. Na4 Nd4 20. Ne5 a5 21. f3 Rac8 22. Kb1 Nc6 {½-½ Mamedov,R (2654)-Quparadze,G (2463) Silkway Cup Online blitz 2020 (5)}) 8... Bxc5 9. Be2 $146 ({RR} 9. Bf4 Nd5 10. Bg3 a6 11. Nbd4 Nxd4 12. Nxd4 O-O 13. Be2 b5 14. O-O Bb7 15. Bf3 Qb6 16. Nb3 Be7 17. Qd4 Qxd4 18. Nxd4 Rfd8 19. Rfd1 Rac8 20. a3 Bf6 21. Nb3 Ba8 22. Rd3 g6 23. Rad1 Kg7 {0-1 Golek,J (2009)-Gumularz,S (2241) Krakow op-A 25th 2014 (4)}) ({RR} 9. Qxd8+) ({RR} 9. Qxd8+) 9... Qxd1+ 10. Bxd1 Ke7 11. a4 a6 12. Na3 Rd8 13. Bc2 b5 14. b4 Bd6 15. axb5 axb5 16. Bb2 Rb8 17. Ke2 Nd5 18. g3 h6 19. Bd3 Nc7 20. Nc2 Bb7 21. Rhd1 Be5 22. Ncd4 Bxd4 23. Nxd4 Nxd4+ 24. cxd4 Ra8 25. d5 Nxd5 26. Bxg7 f6 27. Rdc1 Rxa1 28. Rxa1 Nc3+ 29. Ke3 Nd5+ 30. Ke2 Nc3+ 31. Ke3 Nd5+ 32. Ke2 Nc3+ 1/2-1/2

[Event "45th Olympiad 2024"]
[Site "Budapest HUN"]
[Date "2024.09.12"]
[Round "2.26"]
[Board "2"]
[White "Subelj, Jan"]
[Black "Nanjo, Ryosuke"]
[Result "1-0"]
[WhiteElo "2498"]
[BlackElo "2372"]
[PlyCount "63"]
[EventDate "2024.09.11"]
[WhiteTeam "Slovenia"]
[BlackTeam "Japan"]
[WhiteTeamCountry "SLO"]
[BlackTeamCountry "JPN"]

1. e4 {Szabo,Krisztian} c5 2. Nf3 d6 3. d4 cxd4 4. Nxd4 Nf6 5. Nc3 a6 6. Bg5 e6 7. f4 h6 8. Bh4 Qb6 9. a3 ({RR} 9. Qd2) 9... Be7 10. Bf2 Qc7 ({RR} 10... Qxb2 11. Na4) 11. Qf3 b5 12. g4 g6 $146 ({RR} 12... Nc6 13. Nxc6 ({RR} 13. Nxc6 Qxc6 14. O-O-O Bb7 15. Bd3 Nd7 16. h4 Nc5 ({RR} 16... Bf6) 17. g5 Nxd3+ 18. Qxd3 Qc4 19. Qf3 Rc8) 13... Qxc6 14. Bd3 Rb8 15. O-O-O b4 16. axb4 Rxb4 17. Be1 Rb8 18. Bd2 Nd7 19. Ne2 Bf6 20. Bc3 Qa4 21. Kd2 Bxc3+ 22. bxc3 Nc5 23. Ra1 Qd7 24. Rhb1 Rxb1 25. Rxb1 Bb7 26. Qe3 O-O 27. h4 {½-½ Bora,S (2484)-Yang,Q (2276) 11th Washington Int 2024 (4.13)}) ({RR} 12... Nc6 13. O-O-O Bb7 14. h4 d5 15. e5 ({RR} 15. exd5 Nxd4 16. Bxd4 Nxd5 17. Bxg7 Nxc3 18. Qxc3 Qxc3 ({RR} 18... Qxf4+ 19. Kb1 Bxh1 ({RR} 19... Rc8 20. Bxb5+ axb5 21. Qd3 Qc7 22. Bxh8 Bxh1 23. Rxh1) 20. Bxh8 Bb7) 19. Bxc3 Bxh1 20. Bxh8 Bf3 21. Rd2 Bxg4 22. Bg2 Rd8) 15... Ne4 16. Nxe4 dxe4 17. Qc3 Rc8 18. Rh3 b4 19. axb4 Nxb4 ({RR} 19... Bxb4 20. Qc4 O-O 21. Nxc6 Qxc6 22. Qxc6 Bxc6 23. Be1) 20. Qxc7 Rxc7 21. f5 O-O 22. Be1 Bd5 23. g5 Rfc8 ({RR} 23... hxg5 24. f6 gxf6 25. exf6) ({RR} 23... Nd3+ 24. Bxd3 exd3 25. Rdxd3 hxg5 26. Ba5 Rb7 27. hxg5 exf5 ({RR} 27... Bxg5+ 28. Bd2) 28. Nxf5 Bxg5+ 29. Bd2 Be6 30. Rhf3 Bxd2+ 31. Rxd2 Bxf5 32. Rxf5) 24. Bxb4 Bxb4 25. f6 ({RR} 25. fxe6) 25... Kh7 ({RR} 25... a5) 26. c3 gxf6 27. gxf6 {½-½ Grischuk,A (2750)-Vachier Lagrave,M (2765) London Classic 7th 2015 (4)}) ({RR} 12... Nbd7) ({RR} 12... Nc6 13. Nxc6 Qxc6 14. O-O-O Bb7 15. h4 Nxe4 16. Bg2 d5 17. Nxe4 dxe4 18. Qe2 b4 19. axb4 Bxb4 20. Rd4 Qa4 21. c3 a5 22. Bxe4 Bxe4 23. Qxe4 O-O 24. cxb4 Qa1+ 25. Kd2 Qxb2+ 26. Qc2 Qa3 27. Qd3 {½-½ Ter Sahakyan,S (2640)-Corrales Jimenez,F (2532) PNWCC Online blitz JP 12th 2020 (5)}) 13. f5 gxf5 14. gxf5 e5 15. Nb3 Bb7 16. a4 b4 17. Nd5 Nxd5 18. exd5 Nd7 19. O-O-O Rc8 20. Qe2 Nf6 21. Bg2 Qd7 22. Kb1 Qxa4 23. Nc5 dxc5 24. d6 Bxg2 25. Qxe5 Qd7 26. Rhe1 Be4 27. Rxe4 Nxe4 28. Qxh8+ Bf8 29. Qe5+ Kd8 30. Bh4+ Ng5 31. Bxg5+ hxg5 32. Qf6+ 1-0

[Event "45th Olympiad 2024"]
[Site "Budapest HUN"]
[Date "2024.09.12"]
[Round "2.26"]
[Board "3"]
[White "Aoshima, Mirai"]
[Black "Sebenik, Matej"]
[Result "0-1"]
[WhiteElo "2385"]
[BlackElo "2515"]
[PlyCount "54"]
[EventDate "2024.09.11"]
[WhiteTeam "Japan"]
[BlackTeam "Slovenia"]
[WhiteTeamCountry "JPN"]
[BlackTeamCountry "SLO"]

1. d4 Nf6 2. c4 e6 3. Nf3 d5 4. Nc3 Bb4 5. Qa4+ Nc6 6. e3 O-O 7. Qc2 Re8 8. Bd2 a6 9. a3 Bd6 10. c5 ({RR} 10. h3 Bd7 11. cxd5 exd5 12. Bd3 Na7 13. Qb3 c6 14. Qxb7 Nb5 15. Nxb5 axb5 16. Ne5 Rb8 17. Qa6 Ra8 18. Qb7 Rb8 19. Qa6 Ra8 {½-½ Karjakin,S (2773)-Carlsen,M (2855) Bilbao Masters 9th 2016 (8)}) ({RR} 10. h3 Bd7 11. Bd3 dxc4 12. Bxc4 h6 13. Ne4 e5 14. dxe5 Nxe5 15. Nxd6 cxd6 16. Nxe5 dxe5 17. Qb3 Be6 18. Bxe6 Rxe6 19. Rd1 Rb6 20. Qc2 Qd5 21. O-O Qe6 22. Ba5 Rc6 23. Qd3 Rc5 24. Bb4 Rd5 {½-½ Bu Xiangzhi (2693)-Santos Latasa,J (2624) 45th Olympiad 2024 (5.3)}) 10... Bf8 11. Bd3 $146 ({RR} 11. b4 e5 12. dxe5 Nxe5 13. Be2 Nxf3+ 14. Bxf3 d4 15. Nd1 Ng4 16. O-O Ne5 17. Be4 d3 18. Qb3 Qh4 19. f3 g6 20. g3 Qh5 21. Nb2 Rd8 22. Bc3 Bh6 23. Bd4 Rxd4 24. exd4 Be3+ 25. Kh1 Bxd4 {0-1 Gandrud,V (2330)-Elsness,F (2466) NOR-ch Stavanger 2017 (6)}) 11... e5 12. dxe5 Nxe5 13. Nxe5 Rxe5 14. f4 Re8 15. b4 d4 16. Ne2 dxe3 17. Bc3 Qe7 18. O-O-O a5 19. Kb1 axb4 20. Bxb4 c6 21. Rhe1 g6 22. f5 Bg7 23. Nc3 b6 24. fxg6 hxg6 25. Na4 Nd5 26. Nxb6 Nxb6 27. cxb6 Qxb4+ 0-1

[Event "45th Olympiad 2024"]
[Site "Budapest HUN"]
[Date "2024.09.12"]
[Round "2.27"]
[Board "4"]
[White "Abdyzhapar, Asylbek"]
[Black "Stevic, Hrvoje"]
[Result "0-1"]
[WhiteElo "2357"]
[BlackElo "2531"]
[PlyCount "166"]
[EventDate "2024.09.11"]
[WhiteTeam "Kyrgyzstan"]
[BlackTeam "Croatia"]
[WhiteTeamCountry "KGZ"]
[BlackTeamCountry "CRO"]

1. d4 {Giri,Anish} d5 2. c4 c6 3. Nf3 Nf6 4. Nc3 dxc4 5. a4 Bf5 6. Ne5 Nbd7 7. Nxc4 Nb6 8. Ne5 a5 9. e3 ({RR} 9. f3) 9... Nbd7 10. Bd3 ({RR} 10. Qb3 Nxe5 11. dxe5 Nd7 12. e4 ({RR} 12. Qxb7) 12... Be6 13. Qxb7 Rb8 14. Qa7 Nxe5 15. f4 Nd7 16. f5 Bb3 17. Bf4 Ra8 18. Qb7 e5 19. fxe6 Bxe6) 10... Bxd3 11. Nxd3 Qb6 ({RR} 11... Qc7 12. Qb3 e6 13. e4) 12. O-O ({RR} 12. Ra3 e6 13. Rb3 Bb4 14. O-O c5 15. dxc5 Nxc5 16. Nxc5 Qxc5 17. Na2 O-O 18. Rd3 Rac8 19. Nxb4 Qxb4 20. b3 Qc5 21. Bb2 Qc2 22. Bxf6 Qxd1 23. Rfxd1 gxf6 24. Rd7 b5 25. Ra7 Rc3 26. Rxa5 Rb8 {½-½ Topalov,V (2803)-Wang,Y (2732) Nanjing Pearl Spring 3rd 2010 (4)}) 12... e6 13. Bd2 $146 ({RR} 13. b3 Rd8 14. Qc2 Bd6 15. Ba3 Bxa3 16. Rxa3 O-O 17. Rb1 c5 18. dxc5 Nxc5 19. Nb2 Ng4 20. h3 Ne5 21. Nb5 Ncd3 22. Nxd3 Nxd3 23. Raa1 e5 24. Na3 Qg6 25. Nc4 Rd5 26. Rd1 e4 27. Rd2 Rg5 {0-1 Santiago,Y (2303)-Leitao,R (2629) Santos Paulista Absoluto 2010 (3)}) ({RR} 13. b3 Bd6 14. Nb2 Qc7 15. h3 O-O 16. Nc4 Bb4 17. Bd2 e5 18. Ne2 Bxd2 19. Qxd2 Rfd8 20. Rfd1 Nc5 21. Qc2 exd4 22. Nxd4 Rd5 23. Ne2 Rad8 24. Nf4 Rxd1+ 25. Rxd1 Rxd1+ 26. Qxd1 Nfd7 27. Qc2 b5 {½-½ Nihal,S (2669)-Shevchenko,K (2680) Cluj GP Rapid 2024 (6.2)}) ({RR} 13. b3 Be7 14. Ba3 Bxa3 15. Rxa3 O-O 16. Qb1 Rfd8 17. b4 axb4 18. Nxb4 c5 19. Nc2 cxd4 20. Nxd4 Qxb1 21. Rxb1 Nc5 22. h3 h6 23. Rb5 Nfd7 24. Nb3 Nxb3 25. Raxb3 b6 26. Ra3 Kf8 27. g4 Rdc8 {½-½ Guo,Q (2429)-Huang,Q (2460) CHN Masters (Women) 5th 2015 (1)}) 13... Be7 14. Rb1 O-O 15. b4 axb4 16. Nxb4 Bxb4 17. Na2 c5 18. dxc5 Nxc5 19. Bxb4 Rfc8 20. Nc3 Qa6 21. Nb5 Nxa4 22. Bd6 Ne8 23. Be7 Nc3 24. Nxc3 Rxc3 25. Qd4 Rc4 26. Qb2 Rb8 27. Qe5 Rbc8 28. h3 h6 29. Rfd1 Qc6 30. Qb2 Rc7 31. Ba3 Nf6 32. Bd6 Rd7 33. Be5 Rc2 34. Qa3 Ne4 35. Qa8+ Kh7 36. Rxd7 Qxd7 37. Qxb7 Qxb7 38. Rxb7 f6 39. Bg3 e5 40. h4 Re2 41. Rb3 Kg6 42. Ra3 h5 43. Kf1 Rb2 44. Ra7 Rb1+ 45. Ke2 Rg1 46. Kf3 Kf5 47. Rxg7 Re1 48. Bh2 Nd2+ 49. Kg3 Rh1 50. f3 Nf1+ 51. Kf2 Nxh2 52. e4+ Ke6 53. Rh7 Ra1 54. Rxh5 Nf1 55. Rh8 Nd2 56. h5 Nc4 57. h6 Nd6 58. g4 Nf7 59. Re8+ Kd7 60. Rb8 Rh1 61. Rb7+ Ke6 62. Rb6+ Nd6 63. Kg3 Rxh6 64. f4 exf4+ 65. Kxf4 Rh1 66. Ra6 Rf1+ 67. Ke3 Rc1 68. Kf4 Rc5 69. Rb6 Re5 70. Kf3 Ke7 71. Rb4 Kf7 72. Rd4 Ne8 73. Rd7+ Kg6 74. Rd8 Ng7 75. Rg8 Kf7 76. Ra8 Ne6 77. Ra4 Kg6 78. Rb4 Nc5 79. Rb5 Ne6 80. Rb4 Ra5 81. Rb6 Ng5+ 82. Ke3 Ra3+ 83. Kd4 Ra4+ 0-1

[Event "45th Olympiad 2024"]
[Site "Budapest HUN"]
[Date "2024.09.12"]
[Round "2.28"]
[Board "3"]
[White "Uruci, Endrit"]
[Black "Sonis, Francesco"]
[Result "1-0"]
[WhiteElo "2348"]
[BlackElo "2554"]
[PlyCount "89"]
[EventDate "2024.09.11"]
[WhiteTeam "Kosovo"]
[BlackTeam "Italy"]
[WhiteTeamCountry "KOS"]
[BlackTeamCountry "ITA"]

1. e4 {Movsesian,Sergei} c5 2. Nf3 d6 3. Bb5+ Nd7 ({RR} 3... Bd7 4. Bxd7+ Qxd7 5. c4 g6 6. Nc3 Bg7 7. d4 cxd4 8. Nxd4 Nf6 9. h3 O-O 10. O-O a6 11. a4 e6 12. Be3 Rc8 13. b3 Qd8 14. Nde2 Nc6 15. Qd2 Bf8 16. Rfd1) 4. d4 cxd4 5. Qxd4 a6 6. Bxd7+ Bxd7 7. Bg5 Bc6 ({RR} 7... Rc8 8. Nc3 h6 9. Bh4 e5 10. Qd3 g5 11. Bg3 Nf6 12. h4 ({RR} 12. Nd2 b5 13. a4 Qa5 14. O-O bxa4 15. Rfb1) 12... g4 ({RR} 12... Rg8 13. hxg5 hxg5 14. O-O-O Qc7 15. Kb1 b5 16. Rhe1) 13. Nd2 b5 14. a3 Be6 15. O-O Be7 16. Rfd1 Qb6 17. Nf1 Rc4 18. Nd2 ({RR} 18. a4 O-O 19. axb5 axb5 20. Ne3 Rd4 21. Qe2 Nxe4 22. Rxd4 Qxd4 23. Nxe4 Qxe4 24. Ra7 Bf6 25. Qxb5) 18... Rd4 19. Qe3 Qc6 20. Re1 Bd8 21. Nb3 Rc4 ({RR} 21... Bb6 22. Qe2 Rc4) 22. Rad1 {1-0 Movsesian,S (2723)-Topalov,V (2803) Olympiad-39 Khanty-Mansiysk 2010 (10.1)}) 8. Nc3 h6 ({RR} 8... e5 9. Qd3 Be7 10. h4 h6 11. Bxe7 Qxe7 12. O-O-O O-O-O 13. Nd2 b5 14. Nb3 Qc7 15. Rh3 Nf6 16. Nd5 Nxd5 17. exd5 Bd7 18. Rg3 g6 19. Qd2 Qb6 20. Na5 Kb8 21. Qb4 Rc8 22. Rdd3 Qc5 23. Qd2 {0-1 Celik,M (1773)-Banci,D (1643) TUR-chT Clubs 2019 (2.4)}) 9. Bh4 Nf6 $146 ({RR} 9... e5 10. Qd3 g5 11. Bg3 Qa5 12. O-O-O O-O-O 13. Kb1 Nf6 14. Nd2 b5 15. Nd5 Nxd5 16. exd5 Bd7 17. c4 f5 18. f3 Bg7 19. Rc1 Kb8 20. Bf2 e4 21. Qe3 Qc7 22. fxe4 Qb7 23. Nb3 bxc4 24. Rxc4 {1-0 Valle,A (2307)-Lucena,L (2193) Brasilia Almeida Vas Memorial 2nd 2011 (1)}) 10. O-O-O e5 11. Qd3 g5 12. Bg3 b5 13. a3 Qb8 14. Rhe1 Be7 15. Nd5 Bxd5 16. exd5 Nd7 17. Qf5 Qc8 18. Nd4 Nc5 19. Bxe5 O-O 20. Qxc8 Raxc8 21. Nf5 Rfe8 22. Bd4 Bf8 23. Rxe8 Rxe8 24. Bxc5 dxc5 25. d6 Rd8 26. Rd5 Kh7 27. Kd2 Kg6 28. Kd3 Kf6 29. Rxc5 Bxd6 30. Rd5 Bc7 31. Rxd8 Bxd8 32. Nxh6 Kg6 33. Ng4 f5 34. Ne5+ Kf6 35. Nd7+ Ke7 36. Nc5 a5 37. Kd4 Bc7 38. h3 Kd6 39. b4 axb4 40. axb4 Bb6 41. g3 Kc6 42. h4 gxh4 43. gxh4 Bd8 44. h5 Bf6+ 45. Kd3 1-0

[Event "45th Olympiad 2024"]
[Site "Budapest HUN"]
[Date "2024.09.12"]
[Round "2.28"]
[Board "4"]
[White "Brunello, Sabino"]
[Black "Asllani, Muhamet"]
[Result "1-0"]
[WhiteElo "2511"]
[BlackElo "2191"]
[PlyCount "83"]
[EventDate "2024.09.11"]
[WhiteTeam "Italy"]
[BlackTeam "Kosovo"]
[WhiteTeamCountry "ITA"]
[BlackTeamCountry "KOS"]

1. d4 Nf6 2. c4 e6 3. Nf3 d5 4. Nc3 Be7 5. Bf4 O-O 6. e3 c5 7. Rc1 cxd4 ({RR} 7... Nc6 8. Be2 dxc4 9. dxc5 Qxd1+ 10. Rxd1 Bxc5 11. Bxc4 Bb4 12. O-O Bxc3 13. bxc3 Ne4 14. Rc1 b6 15. Rfd1 Bb7 16. Nd2 Na5 17. Nxe4 Bxe4 18. Ba6 Rfd8 19. Bc7 Rxd1+ 20. Rxd1 Bd5 21. a3 Kf8 22. Rd4 {½-½ Sernecki,F (2372)-Oliinyk,S (2196) Adolf Anderssen Mem 2024 (9.8)}) 8. Nxd4 a6 ({RR} 8... Nbd7 9. Nb3 e5 10. Bg3 Nb6 11. Bxe5 Nxc4 12. Bxc4 dxc4 13. Qxd8 Rxd8 14. Na5 Nd5 15. Nxc4 Nb4 16. O-O Nd3 17. Bc7 Rd7 18. Ne5 Nxc1 19. Nxd7 Nxa2 20. Nd5 Bg5 21. Nc5 b6 22. Ne4 Bb7 23. Nxb6 {1-0 Golubka,P (2452)-Paravyan,D (2647) Titled Arena Apr 3rd blitz 2021}) 9. a3 Nc6 $146 ({RR} 9... Nbd7 10. Bg5 Nb6 11. cxd5 Nbxd5 12. Bc4 Nxc3 13. bxc3 Bxa3 14. Rc2 e5 15. Nf3 Qxd1+ 16. Kxd1 Bg4 17. h3 Bh5 18. Ra2 Ne4 19. Rxa3 Bxf3+ 20. gxf3 Nxf2+ 21. Ke2 Nxh1 22. Bh4 g5 23. Bxg5 Ng3+ 24. Kf2 {0-1 Zapata,T (2035)-Chirivi Castiblanco,J (2052) Pan American-ch U18 Girls 2007 (7)}) ({RR} 9... dxc4 10. Bxc4 b5 11. Ba2 Bb7 12. O-O Nbd7 13. Nf3 Nh5 14. Ne5 Ndf6 15. Bg5 h6 16. Bh4 g6 17. Qc2 Ng7 18. Nxg6 fxg6 19. Qxg6 Nd5 20. Nxd5 exd5 21. Bxe7 Qxe7 22. Qxh6 Rf5 23. Qb6 Rf6 24. Rc7 {0-1 Palasti,F (1989)-Varjas,S (2060) Lakitelek Magyarok op 2011 (7)}) 10. cxd5 exd5 11. Be2 Nxd4 12. Qxd4 Be6 13. O-O Rc8 14. Rfd1 Qa5 15. h3 h6 16. Qa7 Ne4 17. Be5 Bd6 18. Bd4 Nxc3 19. Bxc3 Qc7 20. Qd4 f6 21. Bg4 f5 22. Bf3 Rfd8 23. g3 Bf8 24. Kg2 Qf7 25. h4 Be7 26. Qb6 Bc5 27. Qa5 f4 28. exf4 Qf5 29. Rh1 d4 30. Bb4 Bd5 31. Rxc5 Bxf3+ 32. Kxf3 Qd3+ 33. Kg2 Qe4+ 34. Kh2 Qe2 35. Rxc8 Qxf2+ 36. Kh3 Rxc8 37. Qd5+ Kh8 38. Re1 b6 39. Qd7 Qc2 40. Qxd4 Qf5+ 41. g4 Qf7 42. h5 1-0